| 000 | 00396nam a22001217a 4500 | ||
|---|---|---|---|
| 082 | _a540 | ||
| 100 |
_aSijairya, Pankaj _982600 |
||
| 245 | _aOBJECTIVE NCERT PUNCH BOOK FOR NTA NEET 2025 4500 NTA like MCQs extracted from NCERT line by line NEET 2024 SOLVED PAPER INCLUDED CHEMISTRY | ||
| 250 | _a3RD | ||
| 260 |
_aDelhi _bphycics wallah publication _c2024 |
||
| 650 | _achemistry | ||
| 942 | _cBK | ||
| 999 |
_c67235 _d67235 |
||